000 00377nam a2200145Ia 4500
008 230711s9999||||xx |||||||||||||| ||und||
041 _aENG
082 _a621
_bPA-E
100 _aPabla,A.S
245 0 _aElectrical power distribution system
250 _a3rd
260 _c1992
_aNew Delhi
_bTata McGraw Hill Education Limited
650 _aElectrical Engineering
942 _cBK
999 _c2303
_d2303